Proyecto de arquitecturas revestidas para la ciudad de Santiago

Αποθηκεύτηκε σε:
Λεπτομέρειες βιβλιογραφικής εγγραφής
Μορφή: Βιβλίο
Γλώσσα:Αγγλικά
Ισπανικά
Έκδοση: Santiago, Chile Ediciones Universidad Diego Portales 2009
Έκδοση:Primera edición
Θέματα:
Ετικέτες: Προσθήκη ετικέτας
Δεν υπάρχουν, Καταχωρήστε ετικέτα πρώτοι!

MARC

LEADER 00000nam a22000007a 4500
003 CL-VaPUC
005 20230309161442.0
008 200113b ||||| |||| 00| 0 eng d
999 |c 376514  |d 376512 
020 |a 9789563140637 
040 |c Pontificia Universidad Católica de Valparaíso 
041 0 |a spa 
082 |a 735.2340 HAM 2009 
100 1 |4 Hamilton, Patrick 
245 1 0 |a Proyecto de arquitecturas revestidas para la ciudad de Santiago 
250 |a Primera edición  
260 3 0 |a Santiago, Chile  |b Ediciones Universidad Diego Portales  |c 2009 
300 |a 75 p 
583 |c 20200113  |k Daniel Castañeda 
650 0 0 |a Fotografía artística  |9 269391 
650 0 0 |a Fotografía contemporánea chilena   |9 605745 
942 |2 ddc  |c BK 
952 |0 0  |1 0  |2 ddc  |4 0  |6 735_234000000000000_HAM_2009  |7 0  |8 R  |9 495998  |a BIBART  |b BIBART  |d 2020-01-13  |i 5611504  |o 735.2340 HAM 2009  |p 5611504  |r 2025-03-13  |t 1  |w 2020-01-13  |y BK_R  |k ART